<?xml version="1.0" encoding="UTF-8"?>
<collection xmlns="http://www.loc.gov/MARC21/slim">
 <record>
  <leader>01400cam a2200361 7i4500</leader>
  <controlfield tag="001">0000006826</controlfield>
  <controlfield tag="005">20220209090000.0</controlfield>
  <controlfield tag="008">220209s1957    waua   g##   #00001eng##</controlfield>
  <datafield tag="020" ind1="#" ind2="#">
   <subfield code="a">81371267X </subfield>
  </datafield>
  <datafield tag="035" ind1="#" ind2="#">
   <subfield code="a">0173-74660</subfield>
  </datafield>
  <datafield tag="040" ind1="#" ind2="#">
   <subfield code="a">UMT</subfield>
  </datafield>
  <datafield tag="090" ind1="0" ind2="0">
   <subfield code="a">QH 542 </subfield>
   <subfield code="b">.N3 1957</subfield>
  </datafield>
  <datafield tag="110" ind1="2" ind2="#">
   <subfield code="a">National Research Council (U.S.)</subfield>
  </datafield>
  <datafield tag="245" ind1="1" ind2="0">
   <subfield code="a">Treatise on marine ecology and paleoecology  </subfield>
   <subfield code="c">Joel W. Hedgpeth, editor.</subfield>
  </datafield>
  <datafield tag="264" ind1="#" ind2="1">
   <subfield code="a"> [New York]: </subfield>
   <subfield code="b">[publisher not identified], </subfield>
   <subfield code="c">1957.</subfield>
  </datafield>
  <datafield tag="300" ind1="#" ind2="#">
   <subfield code="a">2 volumes: </subfield>
   <subfield code="b">illustrations, portraits, maps (part folded) charts, diagrams, profiles, tables; </subfield>
   <subfield code="c">26 cm .</subfield>
  </datafield>
  <datafield tag="336" ind1="#" ind2="#">
   <subfield code="a">text</subfield>
   <subfield code="2">rdacontent</subfield>
  </datafield>
  <datafield tag="337" ind1="#" ind2="#">
   <subfield code="a">unmediated</subfield>
   <subfield code="2">rdamedia</subfield>
  </datafield>
  <datafield tag="338" ind1="#" ind2="#">
   <subfield code="a">volume</subfield>
   <subfield code="2">rdacarrier</subfield>
  </datafield>
  <datafield tag="490" ind1="1" ind2="#">
   <subfield code="a">Geological Society of America Memoir ; </subfield>
   <subfield code="v">67</subfield>
  </datafield>
  <datafield tag="500" ind1="#" ind2="#">
   <subfield code="a">Vol.2 edited by Harry S. Ladd</subfield>
  </datafield>
  <datafield tag="504" ind1="#" ind2="#">
   <subfield code="a"> Includes bibliographies </subfield>
  </datafield>
  <datafield tag="505" ind1="0" ind2="#">
   <subfield code="a">Vol.1 Ecology -- vol.2 Paleoecology</subfield>
  </datafield>
  <datafield tag="590" ind1="#" ind2="#">
   <subfield code="a">Perpustakaan Sultanah Nur Zahirah</subfield>
  </datafield>
  <datafield tag="650" ind1="0" ind2="0">
   <subfield code="a">Marine ecology </subfield>
  </datafield>
  <datafield tag="650" ind1="0" ind2="0">
   <subfield code="a">Paleoecology </subfield>
  </datafield>
  <datafield tag="700" ind1="1" ind2="#">
   <subfield code="a">Ladd, Harry Stephen(</subfield>
   <subfield code="d">1899- ) </subfield>
  </datafield>
  <datafield tag="700" ind1="1" ind2="#">
   <subfield code="a">Hedgpeth, Joal Walker(</subfield>
   <subfield code="d">1911- ) </subfield>
  </datafield>
  <datafield tag="830" ind1="#" ind2="0">
   <subfield code="a">Memoir (Geological Society of America) </subfield>
  </datafield>
  <datafield tag="999" ind1=" " ind2=" ">
   <subfield code="a">1000393033</subfield>
   <subfield code="b">Book</subfield>
   <subfield code="c">Koleksi Maritim</subfield>
   <subfield code="e">KOLEKSI MARITIM</subfield>
  </datafield>
  <datafield tag="999" ind1=" " ind2=" ">
   <subfield code="a">1000393032</subfield>
   <subfield code="b">Book</subfield>
   <subfield code="c">Koleksi Maritim</subfield>
   <subfield code="e">KOLEKSI MARITIM</subfield>
  </datafield>
  <datafield tag="999" ind1=" " ind2=" ">
   <subfield code="a">1000393035</subfield>
   <subfield code="b">Book</subfield>
   <subfield code="c">Koleksi Maritim</subfield>
   <subfield code="e">KOLEKSI MARITIM</subfield>
  </datafield>
  <datafield tag="999" ind1=" " ind2=" ">
   <subfield code="a">1000393034</subfield>
   <subfield code="b">Book</subfield>
   <subfield code="c">Koleksi Maritim</subfield>
   <subfield code="e">KOLEKSI MARITIM</subfield>
  </datafield>
 </record>
</collection>
